000 00750nam a22002770a 4500
001 PT36734
003 AR-LpoUNG
005 20210131230357.0
008 191001s2009||||xxu|||||||||||||||||eng d
020 _a9780826494481
_c$49.95
040 _aAR-LpoUNG
_bspa
_cAR-LpoUNG
_eaacr
041 _aeng
044 _axxu
082 0 _a410.1 188con
100 1 _aHalliday, M. A. K.
_eed.
245 1 0 _aContinuum companion to systemic functional linguistics
260 _aNew York :
_bContinuum,
_c2009.
300 _aviii, 299 p. :
_bgráfs.
650 4 _aGRAMATICA
650 4 _aLINGUISTICA
650 4 _aTERMINOLOGIA
651 4 _aDOCUMENTOS TEORICOS O METODOLOGICOS
700 1 _aWebster, Jonathan J.
_eed.
905 _a36734
942 _cLIB
999 _c3095
_d3095